| 000 | 00783nam a2200253 a 4500 | ||
|---|---|---|---|
| 001 | 54431 | ||
| 003 | BD-RjUL | ||
| 005 | 20211209080123.0 | ||
| 008 | 161106s2003 i a b 001 0 eng | ||
| 020 | _a8120310454 | ||
| 035 | _a(BD-RjUL)54553 | ||
| 040 |
_aDLC _cDLC _dBD-RjUL _beng |
||
| 041 | _aeng | ||
| 082 | 0 | 0 |
_a519.535 _223 _bJOA 2003 |
| 100 | 1 |
_aJohnson, Richard A. _q(Richard Arnold), _d1937- _9155153 |
|
| 245 | 1 | 0 |
_aApplied multivariate statistical analysis / _cRichard A. Johnson, Dean W. Wichern. |
| 250 | _a3rd ed. | ||
| 260 |
_aNew Delhi : _bPrentice Hall, _cc1992 [Reprint 2003] . |
||
| 300 |
_axiv, 642 p. : _bill. ; _c24 cm. |
||
| 500 | _aIncludes indexes. | ||
| 650 | 0 |
_aMultivariate analysis. _9119620 |
|
| 700 | 1 |
_aWichern, Dean W. _9155785 |
|
| 942 |
_2ddc _cBK |
||
| 999 |
_c54431 _d54431 |
||